| 000 | 01188nam a22003135a 4500 | ||
|---|---|---|---|
| 999 |
_c27505 _d27476 |
||
| 005 | 20190601101112.0 | ||
| 008 | 190601s1996 le frd 001 0 mul d | ||
| 040 |
_aEG-ScBUE _cEG-ScBUE |
||
| 041 | 0 |
_aeng _afre _aara |
|
| 082 | 0 | 4 |
_a660.03 _bBEE _222 |
| 100 | 1 | _aal-Beely, Suad. | |
| 245 | 1 | 0 |
_aDictionary of chemical engineering : _bEnglish - French - Arabic / _cSuad al-Beely ; edited and revised by Mohamad Debs and Anwar Abdelwahed. |
| 246 | 3 | 5 |
_aمعجم الهندسة الكيميائية : _bانكليزي - فرنسي - عربي |
| 250 | _a2nd ed. | ||
| 260 |
_aBeirut : _bAcademia International, _c1996. |
||
| 300 |
_a374 p. ; _c24 cm. |
||
| 490 | 0 | _aAcademic reference dictionaries | |
| 500 | _aIncludes index. | ||
| 500 | _aAdded t.p., introd. and text in Arabic. | ||
| 546 | _aText in English, French and Arabic. | ||
| 650 | 7 |
_aChemical engineering _vDictionaries. _2BUEsh _913265 |
|
| 650 | 7 |
_aChemical engineering _vDictionaries _xPolyglot. _2BUEsh |
|
| 650 | 7 |
_aChemical engineering _vDictionaries _xArabic. _2BUEsh |
|
| 651 | _2BUEsh | ||
| 653 |
_bENGCHE _cMay2019 |
||
| 700 | 1 |
_aDebs, Mohamad, _eeditor. |
|
| 700 | 1 |
_aAbdelwahed, Anwar, _eeditor. |
|
| 942 | _2ddc | ||